Score 0/54 Timer 15:00
0 Plays Today
Country City % Correct
MoroccoCasablanca
95.8%
EgyptAlexandria
90.2%
South AfricaDurban
85.4%
NigeriaLagos
83.2%
LibyaBenghazi
63.8%
TanzaniaDar Es Salaam
61.3%
Cote d'IvoireAbidjan
54.2%
KenyaMombasa
51.7%
AlgeriaOran
49.6%
CameroonDouala
42.2%
SudanOmdurman
36.6%
TunisiaSfax
34.3%
Democratic Republic of the CongoLubumbashi
33.9%
BeninCotonou
27.4%
GhanaKumasi
26.1%
ZimbabweBulawayo
24%
AngolaCabinda
22.4%
Sierra LeoneBo
21.8%
MalawiBlantyre
21.7%
SomaliaHargeysa
19.7%
NamibiaRundu
19.5%
EthiopiaMek'ele
19.3%
MozambiqueMatola
15.3%
Equatorial GuineaBata
15.1%
Republic of the CongoPointe-Noire
15%
NigerZinder
14.4%
BotswanaFrancistown
13.7%
Country City % Correct
Burkina FasoBobo Dioulasso
12.3%
ZambiaNdola
11.9%
MadagascarToamasina
11.6%
SenegalTouba
11.3%
GabonPort-Gentil
10.8%
MauritaniaNouadhibou
10.6%
MaliSikasso
9.6%
Cabo VerdeMindelo
9.6%
South SudanYei
9.3%
Central African RepublicBimbo
9%
UgandaKira
8.6%
ChadMoundou
8.4%
GuineaNzérékoré
8.4%
EritreaKeren
8.3%
RwandaButare
7.5%
TogoSokodé
7.4%
SwazilandManzini
7.1%
DjiboutiAli Sabieh
6.5%
Guinea-BissauBafatá
6%
BurundiGitega
5.8%
The GambiaBrikama
5.7%
LiberiaGbarnga
5.6%
MauritiusVacoas-Phoenix
4.9%
São Tomé and PríncipeSanto Amaro
4.6%
LesothoTeyateyaneng
4.6%
ComorosMoutsamoudou
3.8%
SeychellesAnse Boileau
3.1%
Remove Ads.
Support Sporcle.
Get the best of Sporcle when you Go Orange. This ad-free experience offers more features, more stats, and more fun while also helping to support Sporcle. Thank you for becoming a member.

You're not logged in!

Compare scores with friends on all Sporcle quizzes.
OR
Log In

Show Comments

Extras

Top Quizzes Today


Score Distribution

Your Account Isn't Verified!

In order to create a playlist on Sporcle, you need to verify the email address you used during registration. Go to your Sporcle Settings to finish the process.

Report this User

Report this user for behavior that violates our Community Guidelines.

Details: